| 000 | 00912nam0a22002651 4500 | ||
|---|---|---|---|
| 001 | rc\523917 | ||
| 005 | 20250621120350.0 | ||
| 010 |
_a5-02-013745-6 _9300000 |
||
| 035 | _a(NLR Aleph) 005762813 | ||
| 090 |
_a4957164 _c4957164 |
||
| 100 | _a20030616d1988 |||y0rusy50 ca | ||
| 101 | 0 | _arus | |
| 102 | _aRU | ||
| 105 | _aa ||||||||| | ||
| 200 | 1 |
_aПособие по математике для поступающих в вузы _f[А.Д. Кутасов и др.] _gПод ред. Г.Н. Яковлева |
|
| 205 | _a3-е изд., перераб. | ||
| 210 |
_aМ. _cНаука _d1988 |
||
| 215 |
_a718, [1] с. _cил. _d22 |
||
| 702 | 1 |
_aЯковлев _bГ.Н. _gГеннадий Николаевич _4340 |
|
| 702 | 1 |
_aКутасов _bА.Д. _gАлександр Дмитриевич _4220 |
|
| 801 | 0 |
_aRU _bNLR _gpsbo |
|
| 801 | 1 |
_aRU _bELAR _2rusmarc |
|
| 852 |
_aNLR _j88-3/13351 |
||
| 942 | _cBOOK | ||
| 980 | _aNB | ||